| 000 | 00562cam a22001934a 4500 | ||
|---|---|---|---|
| 020 | _a0821360418 (pbk.) | ||
| 040 | _cDLC | ||
| 082 | 0 | 0 | _a332 WOR 2005 A073 Or. |
| 245 | 0 | 0 |
_aAt the frontlines of development : _breflections from the World Bank / |
| 246 | 3 | _aFrontlines of development | |
| 260 |
_aWashington, D.C. : _bWorld Bank, _cc2005. |
||
| 300 |
_axiv, 350 p. ; _c26 cm. |
||
| 650 | 0 | _aEconomic development. | |
| 650 | 0 | _aInternational finance. | |
| 700 | 1 | _aGill, Indermit Singh, | |
| 700 | 1 | _aPugatch, Todd. | |
| 710 | 2 | _aWorld Bank. | |
| 942 | _cEK | ||
| 999 |
_c15234 _d15234 |
||